Flowering plants and their evolution
| Main Author: | |
|---|---|
| Format: | Book |
| Published: |
Jodhpur, India :
Agrobios (India) ,
2003
|
| Subjects: |
MARC
| LEADER | 00000cam a2200000 7i4500 | ||
|---|---|---|---|
| 001 | 0000003625 | ||
| 005 | 20080114.0 | ||
| 020 | 0 | 0 | |a 8177541854 |
| 090 | 0 | 0 | |a 635.965 |b GOO |
| 100 | 1 | 0 | |a Good, Ronald |
| 245 | 1 | 0 | |a Flowering plants and their evolution |c Ronald Good |
| 260 | 0 | 0 | |a Jodhpur, India : |b Agrobios (India) , |c 2003 |
| 300 | |a x, 405p. : |b ill. ; |c 22cm. | ||
| 650 | 0 | 0 | |a Flowers. |
| 650 | 0 | 0 | |a House plants. |
| 999 | |a 0000007207 |b Monograph |c Open Shelf |e Default branch | ||
| 999 | |a 0000007507 |b Monograph |c Open Shelf |e Default branch | ||